"A" Brand Logos - Sudden Death - Statistics

General Stats
  • This quiz has been taken 654 times
    612 since last reset
  • The average score is 7 of 12
Answers on the Grid
Answers color-coded by a green-red scale on the quiz's grid according to % correct below.
 
Answer Stats
Answer % Correct
Adidas
84%
Apple
84%
Android
78%
Audi
74%
Adobe
71%
American Airlines
62%
Arby's
59%
Alfa Romeo
56%
Atari
54%
AT&T
52%
Allianz
39%
Airbus
24%
No matching quizzes found
Score Distribution
Percent of People with Each Score
Percentile by Number Answered
Your Score History
You have not taken this quiz since the last reset